Beszerzés és raktározás a Gyermelyi Tésztagyárnál
| Szerző: | |
|---|---|
| További közreműködők: | |
| Dokumentumtípus: | Diplomadolgozat |
| Kulcsszavak: | 21. század beszerzés ERP rendszerek logisztika raktározás |
| Online Access: | http://dolgozattar.uni-bge.hu/60314 |
MARC
| LEADER | 00000nta a2200000 i 4500 | ||
|---|---|---|---|
| 001 | dolg60314 | ||
| 005 | 20260409150308.0 | ||
| 008 | 260409suuuu hu om 000 hun d | ||
| 040 | |a BGE Dolgozattár Repozitórium |b hun | ||
| 041 | |a hu | ||
| 100 | 1 | |a Molnár Ákos Zoltán | |
| 245 | 1 | 0 | |a Beszerzés és raktározás a Gyermelyi Tésztagyárnál |c Molnár Ákos Zoltán |h [elektronikus dokumentum] |
| 520 | 3 | |a Dolgozatomban a Gyermelyi Zrt. logisztikai folyamatait vizsgáltam meg az ellátási lánc egészét figyelembe véve, különös tekintettel az alapanyag-beszerzésre, a belső anyagmozgatásra, a raktározásra, valamint a késztermékek disztribúciójára. A kutatás során kiderült, hogy a vállalat logisztikai rendszere rendkívül fejlett és hatékony, amelyet elsősorban a vertikálisan integrált termelési modell tesz lehetővé.Összességében elmondható, hogy a Gyermelyi Zrt. logisztikai rendszere jól illeszkedik a vállalat stratégiájához, és kulcsszerepet játszik a versenyképesség fenntartásában. Az önálló, integrált működés nemcsak a költséghatékonyságot növeli, hanem a termékek állandó minőségéhez és a fogyasztói igények gyors kielégítéséhez is. | |
| 695 | |a 21. század | ||
| 695 | |a beszerzés | ||
| 695 | |a ERP rendszerek | ||
| 695 | |a logisztika | ||
| 695 | |a raktározás | ||
| 700 | 1 | |a Bányai Dr. Kornél |e ths | |
| 856 | 4 | 0 | |u http://dolgozattar.uni-bge.hu/60314/1/SZAKDOLGOZAT%20Moln%C3%A1r%20%C3%81kos%20Zolt%C3%A1n%20FG315H_%20k%C3%A9sz.pdf |z Dokumentum-elérés |
| 856 | 4 | 0 | |u http://dolgozattar.uni-bge.hu/60314/2/Molnar_Akos_belso.pdf |z Dokumentum-elérés |
| 856 | 4 | 0 | |u http://dolgozattar.uni-bge.hu/60314/3/MolnarAkosZoltan_SK.pdf |z Dokumentum-elérés |